00487 2200205 4500001002100000005001500021035002000036007000300056008004100059020001800100082001100118084001700129100001600146245002000162260003600182650002800218856001700246990000900263990000900272INLIS00000000000043720220714082604 a0010-0722000011ta220714 g 0 ind  a9786028603065 a639.31 a639.31 TIM p0 aTim Redaksi1 aPembenihan Lele aSurakarta :bDelta Media,c2009 4aBudidaya Ikan Air Tawar aKoleksi Umum a5782 a5783